Communication networks : a first course

Αποθηκεύτηκε σε:
Λεπτομέρειες βιβλιογραφικής εγγραφής
Κύριος συγγραφέας: Walrand, Jean
Μορφή: Βιβλίο
Γλώσσα:English
Δημοσίευση: Boston : WCB/McGraw-Hill, c1998
Έκδοση:2nd ed.
Θέματα:
Ετικέτες: Προσθήκη ετικέτας
Δεν υπάρχουν, Καταχωρήστε ετικέτα πρώτοι!

MARC

LEADER 00000nam a2200000 i 4500
001 1/102523
008 000317s1998 eng d
020 |a 0-07-114871-x 
035 |l 10058117 
040 |a GR-MY-UA  |b gre  |e aacr 
041 0 |a eng 
082 0 |a 004.6 
100 1 |a Walrand, Jean. 
245 1 0 |a Communication networks :  |b a first course /  |c Jean Walrand 
250 |a 2nd ed. 
260 |a Boston :   |b WCB/McGraw-Hill,   |c c1998 
300 |a xv, 336 p.;  |b ill.;  |c 24 cm. 
504 |a Includes bibliographical references and index 
650 0 0 |a Computer networks. 
852 |a INST  |b SAMOS  |e 20000317  |h 004.6 WAL  |p 005300015441  |q 005300015441  |t BK  |y 0 
852 |a INST  |b SAMOS  |e 20000327  |h 004.6 WAL  |p 005300015513  |q 005300015513  |t BK  |y 0 
901 |a BIBL3-2000-1 
909 |a Σ  |b 067682 
909 |a Σ  |b 074946 
922 |a 3ΕΛΗ  |b 200002  |c ΤΠΕΣ/ΤΑΚΤ  |d ΠΑΠΑΣΩΤΗΡΙΟΥ 
922 |a 3ΕΛΗ  |b 200002  |c ΤΠΕΣ  |d ΠΑΠΑΣΩΤΗΡΙΟΥ 
950 |a 133-2000-01-19 
970 |a ΓΕΝΟΥΖΟΥ  |b ΧΡΥΣΑΝΘΗ  |z 2000/03/17